John Wesley's Sunday service of the Methodists in North America / (Record no. 3838)
[ view plain ]
| 000 -LEADER | |
|---|---|
| fixed length control field | 01153cam a2200301 a 4500 |
| 001 - CONTROL NUMBER | |
| control field | 0000003979 |
| 003 - CONTROL NUMBER IDENTIFIER | |
| control field | OSt |
| 005 - DATE AND TIME OF LATEST TRANSACTION | |
| control field | 20140825164144.0 |
| 008 - FIXED-LENGTH DATA ELEMENTS--GENERAL INFORMATION | |
| fixed length control field | 840510r19841784tnu b 00010 eng |
| 020 ## - INTERNATIONAL STANDARD BOOK NUMBER | |
| International Standard Book Number | 0687406323 (pbk.) |
| 035 ## - SYSTEM CONTROL NUMBER | |
| System control number | 84161055 //r87 |
| 040 ## - CATALOGING SOURCE | |
| Original cataloging agency | PUL |
| Transcribing agency | PUL |
| 050 ## - LIBRARY OF CONGRESS CALL NUMBER | |
| Classification number | BX8337 |
| Item number | .W43 1984 |
| 100 10 - MAIN ENTRY--PERSONAL NAME | |
| Personal name | Wesley, John, |
| Dates associated with a name | 1703-1791. |
| 240 10 - UNIFORM TITLE | |
| Uniform title | <a href="Sunday service of the Methodists in North America">Sunday service of the Methodists in North America</a> |
| 245 10 - TITLE STATEMENT | |
| Title | John Wesley's Sunday service of the Methodists in North America / |
| Statement of responsibility, etc | with an introduction by James F. White. |
| 260 0# - PUBLICATION, DISTRIBUTION, ETC. (IMPRINT) | |
| Place of publication, distribution, etc | [Nashville, Tenn.] : |
| Name of publisher, distributor, etc | Quarterly Review, |
| Date of publication, distribution, etc | c1984. |
| 300 ## - PHYSICAL DESCRIPTION | |
| Extent | 37, [107] p. ; |
| Dimensions | 23 cm. |
| 440 #0 - SERIES STATEMENT/ADDED ENTRY--TITLE | |
| Title | Quarterly review reprint series |
| 500 ## - GENERAL NOTE | |
| General note | Originally published: Sunday service of the Methodists in North America : London, 1784. |
| 504 ## - BIBLIOGRAPHY, ETC. NOTE | |
| Bibliography, etc | Bibliography: p. 37 (1st group) |
| 610 20 - SUBJECT ADDED ENTRY--CORPORATE NAME | |
| Corporate name or jurisdiction name as entry element | Methodist Episcopal Church |
| General subdivision | Liturgy |
| -- | Texts. |
| 650 #0 - SUBJECT ADDED ENTRY--TOPICAL TERM | |
| Topical term or geographic name as entry element | Methodist Church |
| General subdivision | Liturgy |
| -- | Texts. |
| 710 21 - ADDED ENTRY--CORPORATE NAME | |
| Corporate name or jurisdiction name as entry element | Methodist Episcopal Church. |
| Title of a work | Sunday service of the Methodists in North America. |
| 740 01 - ADDED ENTRY--UNCONTROLLED RELATED/ANALYTICAL TITLE | |
| Uncontrolled related/analytical title | Sunday service of the Methodists in North America. |
| 908 ## - PUT COMMAND PARAMETER (RLIN) | |
| Put command parameter | 050322 |
| 942 ## - ADDED ENTRY ELEMENTS (KOHA) | |
| Source of classification or shelving scheme | Library of Congress Classification |
| Koha item type | General circulation books |
| Withdrawn status | Lost status | Source of classification or shelving scheme | Damaged status | Not for loan | Home library | Current library | Date acquired | Source of acquisition | Total Checkouts | Full call number | Barcode | Date last seen | Price effective from | Koha item type |
|---|---|---|---|---|---|---|---|---|---|---|---|---|---|---|
| Library of Congress Classification | Presbyterian University of East Africa - Main Library | Presbyterian University of East Africa - Main Library | 26/12/2012 | PUL | BX8337 .W43 1984 | 020010004102 | 26/12/2012 | 26/12/2012 | General circulation books |
